000 00642cam a22002173a 4500
001 44699
003 PGUSA
005 20140828084024.0
008 140118s2014||||xxu|||||s|||||000 | eng d
040 _aPGUSA
_beng
042 _adc
100 1 _aRacine, Jean,
_d1639-1699
245 1 0 _aPhaidra :
_b5-näytöksinen runomittainen murhenäytelmä
_h[electronic resource] /
_cJean Racine
260 _bProject Gutenberg,
_c2014
506 _aPublic domain in the USA.
516 _aElectronic text
700 1 _aLeino, Eino,
_d1878-1926
830 0 _aProject Gutenberg
_v44699
856 4 0 _uhttp://www.gutenberg.org/ebooks/44699
942 _cEB
999 _c273950
_d273950